000 00735nam a2200253Ia 4500
003 OSt
005 20220925235455.0
006 a|||||r|||| 00| 0
007 ta
008 220923b |||||||| |||| 00| 0 eng d
020 _a8176294020
037 _cGeneral Book
040 _aRTL
_cRTL
_beng
041 _2eng
_aeng
082 _aY5926:4:67.2.P, P2
100 _aBhardwaj Anil
_9301312
245 0 _aWelfare of scheduled castes in India
260 _a New Delhi
_bDeep & Deep
_c2002
300 _axxvi, 286p
_ccm.
500 _aBibliography: P 267-82; Appendix: P 211-66
650 _aScheduled Castes Tribes
942 _hY5926:4:67.2.P, P2
_cGB
_2CC
999 _c597343
_d597343